[Event "FIDE World Championship"]
[Site "San Luis"]
[Date "2005.09.29"]
[Round "2"]
[White "Leko, Peter"]
[Black "Morozevich, Alexander"]
[Result "1/2-1/2"]
[WhiteElo "2763"]
[BlackElo "2707"]
[PlyCount "85"]
[EventDate "2005.09.28"]

1. e4 c5 2. Nf3 d6 3. d4 cxd4 4. Nxd4 Nf6 5. Nc3 a6 6. f3 e6 7. Be3 Be7 8. Qd2
O-O 9. g4 Nc6 10. O-O-O Nd7 11. h4 Nde5 12. Qf2 Bd7 13. Kb1 Na5 14. g5 Nec4 15.
Bc1 b5 16. f4 b4 17. Nce2 Qb6 18. Rh2 d5 19. exd5 Bc5 20. Qf3 Rad8 21. Nb3 Nxb3
22. axb3 Ne3 23. Bxe3 Bxe3 24. Rd3 Bc5 25. dxe6 Bxe6 26. Nc1 g6 27. Bh3 f5 28.
gxf6 Bf7 29. f5 Bd4 30. fxg6 hxg6 31. Qg4 Bxf6 32. Re2 a5 33. Re4 Kg7 34. Qg3
Rh8 35. Bf5 Rh5 36. Rxd8 Qxd8 37. Be6 Bxh4 38. Qg2 Be8 39. Rg4 Re5 40. Bc4 Re1
41. Bd3 Qf6 42. Qd2 Qf2 43. Be2 1/2-1/2

[Event "FIDE World Championship"]
[Site "San Luis"]
[Date "2005.10.09"]
[Round "10"]
[White "Topalov, Veselin"]
[Black "Morozevich, Alexander"]
[Result "1/2-1/2"]
[WhiteElo "2788"]
[BlackElo "2707"]
[PlyCount "117"]
[EventDate "2005.09.28"]

1. d4 Nf6 2. c4 e6 3. Nf3 d5 4. Nc3 Be7 5. Bf4 O-O 6. e3 c5 7. dxc5 Bxc5 8. a3
Nc6 9. cxd5 Nxd5 10. Nxd5 exd5 11. Bd3 Bb6 12. O-O d4 13. e4 Bc7 14. Bxc7 Qxc7
15. h3 Qb6 16. b4 Be6 17. Rc1 h6 18. Qd2 Rfd8 19. Qf4 Ne7 20. Rc5 Ng6 21. Qg3
a5 22. Rb5 Qc6 23. e5 b6 24. bxa5 bxa5 25. Rfb1 Nf8 26. Nd2 Bd5 27. f4 Qc3 28.
R1b2 Qc1+ 29. Kh2 Rac8 30. f5 Rc3 31. Nb1 Rc5 32. Rxc5 Qxc5 33. Rc2 Qb6 34. Nd2
Re8 35. e6 Nh7 36. Rc7 Rf8 37. Nc4 Bxc4 38. Bxc4 Nf6 39. Qe5 d3 40. exf7+ Kh7
41. Bxd3 Qb3 42. Qd6 Qb8 43. Bc4 Ne4 44. Qe5 Nd2 45. Ba2 Qb6 46. Rc2 Qf2 47.
Rxd2 Qxd2 48. Bd5 Qg5 49. Qd6 Qd8 50. Qxd8 Rxd8 51. Bc6 g6 52. Be8 Kg7 53. fxg6
h5 54. a4 h4 55. Kg1 Rd2 56. g3 hxg3 57. h4 Rh2 58. h5 Kf8 59. Kf1 1/2-1/2